LDR 00962naa#a2200181#i#450# 001 RU\\bibl\120700 005 20260418023104.6 011 ## _a2073-5537 100 ## _a20260416b2026####ek#y0rusy0150####ca 102 ## _aRU 200 1# _aОценка результативности управления налоговыми расходами субъектами Российской Федерации _eЖурнальная статья 210 1# _aАстрахань _cАстраханский государственный технический университет _d2026 215 ## _a8 с. 608 ## _aЖурнальная статья _2local 675 ## _aРегиональное, территориальное экономическое и социальное планирование, планы. 332.145 _z 700 #1 _aГаврилова _gОльга Анатольевна 700 #1 _aПетрова _gЕвгения Петровна 856 4# _avestnik.astu.org _u